Music Quiz

Random Music Quiz

Mariah Carey ARC Top Singles Quiz Stats

Quiz not verified by Sporcle

Challenge
Share
Tweet
Embed
Score 0/42 Timer 08:00
0 Plays Today
Year Song % Correct
#1: 2005We Belong Together
98.6%
#2: 1996One Sweet Day
97.3%
#9: 1993Hero
95.9%
#14: 1990Vision of Love
95.9%
#3: 1995Fantasy
94.5%
#4: 1993Dreamlover
94.5%
#5: 2005Shake It Off
93.2%
#16: 1990Love Takes Time
90.4%
#20: 1991Someday
90.4%
#25: 1991I Don't Wanna Cry
90.4%
#6: 2005Don't Forget About Us
87.7%
#8: 1996Always Be My Baby
87.7%
#11: 1999Heartbreaker
87.7%
#17: 1991Emotions
87.7%
#13: 1992I'll Be There
84.9%
#21: 2008Touch My Body
84.9%
#22: 2009Obsessed
84.9%
#7: 1994Without You
83.6%
#10: 1992Can't Let Go
83.6%
#24: 1997Honey
82.2%
#26: 2000Thank God I Found You
82.2%
Year Song % Correct
#15: 1998My All
79.5%
#32: 2005It's Like That
79.5%
#27: 1992Make It Happen
75.3%
#18: 1998Butterfly
72.6%
#30: 2003Through the Rain
72.6%
#37: 2001Loverboy
72.6%
#42: 1994All I Want For Christmas Is You
72.6%
#23: 1994Anytime You Need A Friend
71.2%
#19: 1994Endless Love
67.1%
#31: 1999When You Believe
67.1%
#29: 1999I Still Believe
65.8%
#34: 2008Bye Bye
63%
#12: 2003 (Featured Artist)I Know What You Want
61.6%
#33: 2006Say Somethin'
58.9%
#28: 1996Forever
57.5%
#39: 2008I'll Be Lovin' U Long Time
54.8%
#41: 2000Crybaby
53.4%
#35: 1998Breakdown
52.1%
#36: 2001Never Too Far
50.7%
#38: 2003Bringin' On The Heartbreak
38.4%
#40: 2000Can't Take That Away From Me (Mariah's Theme)
28.8%

You're not logged in!

Compare scores with friends on all Sporcle quizzes.
Join for Free
OR
Log In

You Might Also Like...

Show Comments

Extras

Created Feb 5, 2012ReportNominate
Tags:Mariah Carey

Top Quizzes Today


Score Distribution

Your Account Isn't Verified!

In order to create a playlist on Sporcle, you need to verify the email address you used during registration. Go to your Sporcle Settings to finish the process.

Report this User

Report this user for behavior that violates our Community Guidelines.

Details: